<?xml version="1.0" encoding="UTF-8"?><?xml-stylesheet type="text/xsl" href="static/style.xsl"?><OAI-PMH xmlns="http://www.openarchives.org/OAI/2.0/" xmlns:xsi="http://www.w3.org/2001/XMLSchema-instance" xsi:schemaLocation="http://www.openarchives.org/OAI/2.0/ http://www.openarchives.org/OAI/2.0/OAI-PMH.xsd"><responseDate>2026-04-28T21:13:07Z</responseDate><request verb="GetRecord" identifier="oai:uvadoc.uva.es:10324/15532" metadataPrefix="marc">https://uvadoc.uva.es/oai/request</request><GetRecord><record><header><identifier>oai:uvadoc.uva.es:10324/15532</identifier><datestamp>2021-11-03T12:14:49Z</datestamp><setSpec>com_10324_38</setSpec><setSpec>col_10324_852</setSpec></header><metadata><record xmlns="http://www.loc.gov/MARC21/slim" xmlns:doc="http://www.lyncode.com/xoai" xmlns:xsi="http://www.w3.org/2001/XMLSchema-instance" xmlns:dcterms="http://purl.org/dc/terms/" xsi:schemaLocation="http://www.loc.gov/MARC21/slim http://www.loc.gov/standards/marcxml/schema/MARC21slim.xsd">
<leader>00925njm 22002777a 4500</leader>
<datafield tag="042" ind1=" " ind2=" ">
<subfield code="a">dc</subfield>
</datafield>
<datafield tag="720" ind1=" " ind2=" ">
<subfield code="a">Martín González, Paula</subfield>
<subfield code="e">author</subfield>
</datafield>
<datafield tag="260" ind1=" " ind2=" ">
<subfield code="c">2015</subfield>
</datafield>
<datafield tag="520" ind1=" " ind2=" ">
<subfield code="a">Este trabajo analiza desde una perspectiva teórica el desarrollo de los programas de&#xd;
Outplacement, así como el concepto, la regulación, los tipos y las fases, y desde una&#xd;
perspectiva práctica, la aplicación de estos programas en España a través de un&#xd;
cuestionario enviado a dos empresas y de varios informes elaborados por diversas&#xd;
compañías especializadas en Outplacement.&#xd;
Se concluye al final de este proyecto, que el Outplacement es una práctica en auge y en&#xd;
continuo desarrollo, así como los beneficios que reporta a los candidatos, en primer&#xd;
lugar, como a las empresas participantes.</subfield>
</datafield>
<datafield tag="024" ind2=" " ind1="8">
<subfield code="a">http://uvadoc.uva.es/handle/10324/15532</subfield>
</datafield>
<datafield ind1=" " ind2=" " tag="653">
<subfield code="a">Búsqueda de empleo - España</subfield>
</datafield>
<datafield tag="245" ind1="0" ind2="0">
<subfield code="a">Outplacemet: Análisis del programa de recolocación</subfield>
</datafield>
</record></metadata></record></GetRecord></OAI-PMH>